000 00681nam a2200217Ii 4500
003 JO-AjNU
008 230606s9999||||xx |||||||||||||| ||und||
020 _a978-007-126776-2/007-126776-X
040 _aJO-AjNU
_beng
_erda
_cJO-AjNU
041 _aeng
050 1 4 _aHF5415.13.2010
100 3 _aMuLLINS,LAURIE W/ORVILLE C. WALKER JR,
_eauthor
_91760
245 0 0 _aMarketing Management :A Strategic Decision-Making Approach
250 _a7th ed
264 3 1 _aBoston: Mc Graw Hill ,2010
300 _a551p
_bIncludes indexes 523-551 p
336 _atext
_btxt
_2rdacontent
337 _aunmediated
_bn
_2rdamedia
338 _avolume
_bnc
_2rdacarrier
650 4 _a Marketing
_91761
999 _aE928
_c928
_d928